000 00313nam a2200133 i 4500
001 bg
245 0 _aStochastic geometry and it's applications.
260 _aBerlin :
_bAkademie-Verlag,
_c1987.
040 _cBPK
041 _apol
080 _a519.2
942 _cKS
008 s pl f |000 0 pol
999 _c23625
_d23625